00748nam a2200193Ia 4500001001000000003000500010008004100015010001100056040000900067100003200076245016500108260003400273300001000307502010600317650002700423650001500450650003900465710005000504Para_8697CHAP220125s2002 xx 000 0 und d a207508 cCHAP aEspinosa Villeda, Alma Neri aManejo químico de malezas en soya forrajera, Glycine wightii (Wight & Arn.) Verdc., como cobertura viva en Chapingo, Méx. /c por Alma Neri Espinosa Villeda aChapingo, Méx. :b el autor a42 h. aTesis (Ing. Agr. Esp. en Parasitología Agrícola) -- UACh. Departamento Parasitología Agrícola aCultivos de cobertura  aHerbicidas aSoya x malas hierbas x control  aUACh. Departamento Parasitología Agrícola